Les Chinois peints par eux mêmes, (Record no. 22866)

MARC details
000 -LEADER
fixed length control field 00717cam a22002291 4500
001 - CONTROL NUMBER
control field f 01002567
003 - CONTROL NUMBER IDENTIFIER
control field DLC
005 - DATE AND TIME OF LATEST TRANSACTION
control field 20260227111243.0
008 - FIXED-LENGTH DATA ELEMENTS--GENERAL INFORMATION
fixed length control field 890913s1884 fr 000 0 fre
010 ## - LIBRARY OF CONGRESS CONTROL NUMBER
LC control number f 01002567
035 ## - SYSTEM CONTROL NUMBER
System control number (OCoLC)23388668
040 ## - CATALOGING SOURCE
Original cataloging agency DLC
Transcribing agency MiU
Modifying agency DLC
050 00 - LIBRARY OF CONGRESS CALL NUMBER
Classification number DS721
Item number .C474
100 1# - MAIN ENTRY--PERSONAL NAME
Personal name Tcheng, Ki-tong,
Dates associated with a name 1849-1894.
245 14 - TITLE STATEMENT
Title Les Chinois peints par eux mêmes,
Statement of responsibility, etc. par le colonel Tcheng ki-tong...
260 ## - PUBLICATION, DISTRIBUTION, ETC.
Place of publication, distribution, etc. Paris,
Name of publisher, distributor, etc. Calmann Lévy,
Date of publication, distribution, etc. 1884.
300 ## - PHYSICAL DESCRIPTION
Extent 2 p. l., x, 291 p., 1 l.
Other physical details front. (port.)
Dimensions 18 1/2cm.
490 0# - SERIES STATEMENT
Series statement Bibliotheque contemporaine
500 ## - GENERAL NOTE
General note "Troisième edition."
651 #0 - SUBJECT ADDED ENTRY--GEOGRAPHIC NAME
Geographic name China
General subdivision Social life and customs
651 #0 - SUBJECT ADDED ENTRY--GEOGRAPHIC NAME
Geographic name China
General subdivision Politics and government

No items available.

Powered by Koha